000 00715nam a22002057a 4500
999 _c16131
_d16131
003 AR-CdUCM
008 190502b ||||| |||| 00| 0 spa d
040 _aMUNICIPALIDAD PROVINCIAL DEL CUSCO
_cBIBLIOTECA MUNICIPAL DEL CUSCO
082 _a985..0191 /
_bK97
100 _aKusi Yupanqui, Titu
_935417
245 _aInstruccion Historica :
_bPara sus negociaciones ante la corte espaƱola /
260 _aCusco :
_bMunicipalidad del Cusco,
_c1991.
300 _a165 paginas ;
_bIlustraciones, graficos, dibujos,
_c23 cm.
500 _aHistoria y literatura
650 _aHistoria
_9136
650 _aLiteratura
_983
700 _aEspinoza Farfan, Fausto
_935418
942 _2ddc
_cLIBROS
945 _apjha
_d2019-05-02